History Quiz

Random History Quiz

2006 Mazda Lineup Quiz Stats

 Plays Quiz not verified by Sporcle

Challenge
Share
Tweet
Embed
Score 0/18 Timer 10:00
0 Plays Today
Car type Car Name % Correct
Compact CarMazda 3
76.8%
Family Sedan And Station WagonMazda 6
76.8%
Compact MPVMazda 5
68.7%
Sports ConvertibleMX-5
68.2%
2x2 Sports CoupeRX-8
64.1%
Compact Crossover SUVCX-7
57.6%
Large MPVMazda 8
54%
SUVTribute
40.4%
Compact Pickup TruckB-Series
34.3%
Car type Car Name % Correct
Supermini CarDemio
30.8%
Commercial MinivanBongo
23.7%
1 ton Pickup truckBT-50
23.7%
KiecarCarol
22.7%
Kiecar Minivan and Commercial VanScrum
18.2%
Kiecar MinivanAZ-Wagon
17.7%
Kiecar SUVAZ-Offroad
17.2%
Supermini CarVerisa
16.7%
KiecarSpaino
15.7%

You're not logged in!

Compare scores with friends on all Sporcle quizzes.
Join for Free
OR
Log In

You Might Also Like...

Show Comments

Extras

Created Mar 30, 2011SourceReportNominate
Tags:2006, Car Models, lineup

Top Quizzes Today


Score Distribution

Your Account Isn't Verified!

In order to create a playlist on Sporcle, you need to verify the email address you used during registration. Go to your Sporcle Settings to finish the process.

Report this User

Report this user for behavior that violates our Community Guidelines.

Details: